[Event "FIDE Grand Swiss Tournament 2019"]
[Site "Douglas ENG"]
[Date "2019.10.10"]
[Round "1"]
[White "Zhang, Zhong"]
[Black "Caruana, Fabiano"]
[Result "0-1"]
[WhiteElo "2636"]
[BlackElo "2812"]
[PlyCount "112"]
[EventDate "2019.10.10"]

1. d4 Nf6 2. Bf4 c5 3. e3 Qb6 4. Nc3 cxd4 5. Qxd4 Qxb2 6. Rb1 Qa3 7. Bxb8 Rxb8
8. Rb3 Qa5 9. Rb5 Qc7 10. Rc5 Qb6 11. Qc4 Kd8 12. Rb5 Qc6 13. Rc5 Qe6 14. Qa4
Qb6 15. Rb5 Qc7 16. Rb3 a6 17. Nf3 e6 18. Bd3 b5 19. Qh4 Be7 20. O-O Bb7 21.
Qh3 h5 22. Ne2 Ng4 23. Rc1 g5 24. c4 b4 25. c5 Bd5 26. Rb2 Bxf3 27. gxf3 Ne5
28. Rd2 Bf6 29. Be4 g4 30. fxg4 hxg4 31. Qg3 Ke7 32. Nf4 Rbg8 33. Kf1 Qa5 34.
Nd3 Rg5 35. Nxe5 Rxe5 36. Rcd1 Qb5+ 37. Kg1 Rd8 38. Bd3 Qc6 39. Bf1 a5 40. Rc1
Rxc5 41. Rxc5 Qxc5 42. Qxg4 d5 43. Qd1 Bc3 44. Rd3 Rg8+ 45. Bg2 Qc4 46. e4 Qxe4
47. Rg3 Rxg3 48. hxg3 Qc4 49. Qa4 Qc5 50. Qc2 Bd4 51. Qxc5+ Bxc5 52. Bf1 a4 53.
Bd3 Kd6 54. Kf1 Ke5 55. Ke2 Kd4 56. Kd2 b3 0-1

[Event "FIDE Grand Swiss Tournament 2019"]
[Site "Douglas ENG"]
[Date "2019.10.10"]
[Round "1"]
[White "So, Wesley"]
[Black "Moiseenko, Alexander"]
[Result "1/2-1/2"]
[WhiteElo "2767"]
[BlackElo "2635"]
[PlyCount "61"]
[EventDate "2019.10.10"]

1. c4 c5 2. Nc3 Nc6 3. g3 g6 4. Bg2 Bg7 5. b3 d6 6. Bb2 e5 7. e3 Nge7 8. Nge2
O-O 9. O-O Be6 10. Nd5 Qd7 11. Nec3 Rad8 12. Re1 Bh3 13. Bh1 Nxd5 14. Nxd5 Ne7
15. d4 Nxd5 16. Bxd5 exd4 17. exd4 b6 18. Qf3 cxd4 19. Qf4 Qg4 20. Qxg4 Bxg4
21. Re7 Rd7 22. Rxd7 Bxd7 23. Rd1 Re8 24. Bxd4 Re2 25. Kg2 Rxa2 26. Bxg7 Kxg7
27. Be4 Rb2 28. Rxd6 Be6 29. Rd3 f5 30. Bd5 Kf6 31. Bxe6 1/2-1/2

[Event "FIDE Grand Swiss Tournament 2019"]
[Site "Douglas ENG"]
[Date "2019.10.10"]
[Round "1"]
[White "Yu, Yangyi"]
[Black "Mareco, Sandro"]
[Result "1-0"]
[WhiteElo "2763"]
[BlackElo "2634"]
[PlyCount "125"]
[EventDate "2019.10.10"]

1. e4 e5 2. Nf3 Nc6 3. Bb5 a6 4. Ba4 Nf6 5. O-O b5 6. Bb3 Bb7 7. Re1 Be7 8. c3
d5 9. d4 dxe4 10. dxe5 Qxd1 11. Bxd1 Nd7 12. Rxe4 O-O-O 13. Bc2 Nc5 14. Re2 Nd3
15. Nbd2 Rhe8 16. Re3 Nf4 17. Nb3 h6 18. g3 Nh3+ 19. Kf1 Kb8 20. Bf5 Ng5 21.
Ne1 a5 22. f4 Ne6 23. Rd3 a4 24. Nd2 b4 25. Rxd8+ Rxd8 26. Ndf3 g5 27. Rb1 gxf4
28. Bxf4 Nxf4 29. gxf4 Na5 30. Ke2 Bd5 31. cxb4 Bxb4 32. Nd3 Be7 33. b3 axb3
34. axb3 Ka7 35. Nd2 Nc6 36. Ke3 f6 37. Rc1 Kb6 38. Nc4+ Kb5 39. Be4 Bxe4 40.
Kxe4 f5+ 41. Ke3 Nd4 42. b4 Bxb4 43. Nxb4 Kxb4 44. Nd6 cxd6 45. Kxd4 dxe5+ 46.
Kxe5 Rd2 47. Rh1 Kc5 48. h4 Rd5+ 49. Ke6 Rd6+ 50. Kxf5 Kc6 51. Rg1 Kd7 52. Rg6
Rd5+ 53. Kf6 Rd6+ 54. Kg7 Rd4 55. f5 Rxh4 56. f6 Rf4 57. Rxh6 Ke6 58. Rg6 Rf1
59. Rg2 Rf3 60. Re2+ Kd6 61. f7 Rg3+ 62. Kf8 Ra3 63. Rg2 1-0

[Event "FIDE Grand Swiss Tournament 2019"]
[Site "Douglas ENG"]
[Date "2019.10.10"]
[Round "1"]
[White "Abasov, Nijat"]
[Black "Karjakin, Sergey"]
[Result "1/2-1/2"]
[WhiteElo "2632"]
[BlackElo "2760"]
[PlyCount "179"]
[EventDate "2019.10.10"]

1. c4 Nf6 2. g3 e6 3. Bg2 d5 4. d4 Bb4+ 5. Nd2 O-O 6. Ngf3 dxc4 7. a3 Bxd2+ 8.
Bxd2 Nc6 9. e3 b5 10. b3 Bb7 11. a4 cxb3 12. Qxb3 b4 13. a5 Rb8 14. O-O Ba8 15.
Rfc1 Rb5 16. a6 Rb6 17. Be1 Nb8 18. Ra5 Bd5 19. Qb2 Nc6 20. Raa1 Qa8 21. Nh4
Bxg2 22. Nxg2 Re8 23. Qb3 e5 24. d5 Ne7 25. e4 Nxe4 26. Ne3 Rc8 27. h4 Rb5 28.
Rc4 Nf6 29. Rxb4 Rxb4 30. Bxb4 Nexd5 31. Bc5 Rb8 32. Qd3 Rd8 33. Qb3 Rb8 34.
Qd3 c6 35. Nf5 Rd8 36. Rb1 e4 37. Qb3 Qc8 38. Ne7+ Nxe7 39. Bxe7 Re8 40. Bxf6
gxf6 41. Qb7 e3 42. Qxc8 Rxc8 43. fxe3 c5 44. Kf2 Rc6 45. Rb7 Rxa6 46. Rc7 Ra5
47. Kf3 h5 48. e4 Kg7 49. Ke3 Kg6 50. Kf4 Kg7 51. Kf3 Kf8 52. Ke3 a6 53. Rc6
Kg7 54. Kf3 Kg6 55. Kf4 Kg7 56. Kf3 Ra3+ 57. Kf4 Rc3 58. Rxa6 c4 59. Ra5 Kg6
60. Rc5 Rc1 61. Kf3 c3 62. Kg2 Kh6 63. Rf5 Kg6 64. Rc5 c2 65. Rc6 Kh7 66. Rc7
Kg8 67. Rc8+ Kg7 68. Kh2 f5 69. e5 f6 70. e6 Re1 71. Rxc2 Rxe6 72. Kg2 Re3 73.
Rc5 Kg6 74. Rb5 Re5 75. Rb8 Re4 76. Kf3 Rg4 77. Rg8+ Kh7 78. Ra8 Kg7 79. Rb8 f4
80. gxf4 Rxh4 81. Ke4 Rh1 82. Kf5 h4 83. Rb7+ Kh6 84. Kxf6 h3 85. f5 h2 86. Rb2
Kh5 87. Kf7 Kg4 88. f6 Kg3 89. Rb3+ Kg4 90. Rb2 1/2-1/2

[Event "FIDE Grand Swiss Tournament 2019"]
[Site "Douglas ENG"]
[Date "2019.10.10"]
[Round "1"]
[White "Grischuk, Alexander"]
[Black "Jumabayev, Rinat"]
[Result "1/2-1/2"]
[WhiteElo "2759"]
[BlackElo "2630"]
[PlyCount "86"]
[EventDate "2019.10.10"]

1. e4 e6 2. d4 d5 3. Nc3 Nf6 4. e5 Nfd7 5. f4 c5 6. Nf3 Nc6 7. Be3 a6 8. Qd2 b5
9. Bd3 b4 10. Na4 c4 11. Be2 c3 12. Qd1 cxb2 13. Nxb2 Be7 14. O-O O-O 15. Bd3
f5 16. g4 Nb6 17. gxf5 exf5 18. Kh1 Na5 19. Qe1 Nac4 20. Nd1 Qe8 21. Rg1 Ra7
22. Bf2 a5 23. Bh4 Qc6 24. Bxe7 Rxe7 25. c3 bxc3 26. Nxc3 Rc7 27. Rc1 Na4 28.
Ne2 Nab2 29. Bb1 Qb6 30. Rc3 Qb4 31. Nh4 Na4 32. a3 Qb2 33. Rc2 Qb6 34. Ba2 Ba6
35. Qg3 Qe6 36. Nf3 Qe7 37. Bb1 Nxa3 38. Rxc7 Qxc7 39. Ng5 Bxe2 40. Qxa3 Qc3
41. Qxa4 Bf3+ 42. Nxf3 Qxf3+ 43. Rg2 Qf1+ 1/2-1/2

[Event "FIDE Grand Swiss Tournament 2019"]
[Site "Douglas ENG"]
[Date "2019.10.10"]
[Round "1"]
[White "Tari, Aryan"]
[Black "Aronian, Levon"]
[Result "1/2-1/2"]
[WhiteElo "2630"]
[BlackElo "2758"]
[PlyCount "68"]
[EventDate "2019.10.10"]

1. e4 e5 2. Nf3 Nc6 3. Bb5 Nf6 4. O-O Nxe4 5. Re1 Nd6 6. Nxe5 Be7 7. Bf1 Nxe5
8. Rxe5 O-O 9. d4 Bf6 10. Re1 Re8 11. Rxe8+ Nxe8 12. d5 d6 13. Nd2 Bg5 14. c4
Bd7 15. h3 a5 16. Nf3 Bxc1 17. Rxc1 Nf6 18. Qd4 b6 19. Bd3 Qf8 20. b3 h6 21. a3
Re8 22. Ra1 Qe7 23. Kh2 Qd8 24. b4 Qa8 25. Nd2 Qa7 26. Nb3 axb4 27. axb4 Qb7
28. Nd2 b5 29. Qa7 Qc8 30. cxb5 Nxd5 31. Qd4 Be6 32. Be4 Nb6 33. Ra3 Re7 34.
Bc6 f5 1/2-1/2

[Event "FIDE Grand Swiss Tournament 2019"]
[Site "Douglas ENG"]
[Date "2019.10.10"]
[Round "1"]
[White "Harikrishna, Pentala"]
[Black "Alekseev, Evgeny"]
[Result "1/2-1/2"]
[WhiteElo "2748"]
[BlackElo "2629"]
[PlyCount "107"]
[EventDate "2019.10.10"]

1. d4 Nf6 2. c4 e6 3. g3 d5 4. Bg2 dxc4 5. Nf3 Nc6 6. O-O Rb8 7. Nc3 Bb4 8. Qc2
O-O 9. Rd1 Re8 10. d5 exd5 11. Nxd5 Bd6 12. Bg5 Be6 13. Bxf6 gxf6 14. Nh4 Ne5
15. Nf5 Kh8 16. Rd2 Bf8 17. Rad1 c6 18. Nf4 Qa5 19. Nxe6 fxe6 20. Ne3 Rbd8 21.
Nxc4 Rxd2 22. Rxd2 Nxc4 23. Rd7 Re7 24. Rxe7 Bxe7 25. Qxc4 Qe5 26. e3 Qd6 27.
Bf3 f5 28. Qb3 Qd7 29. Be2 Kg7 30. Bc4 Kf7 31. Qc2 Kg7 32. Qe2 Bf6 33. b4 Qd6
34. b5 cxb5 35. Bxb5 a6 36. Bc4 b5 37. Bb3 Qc6 38. Qd2 Kf7 39. h3 Ke7 40. Qd1
a5 41. a4 b4 42. g4 fxg4 43. Qxg4 Qc1+ 44. Kg2 Qc6+ 45. f3 Qd6 46. f4 Qc6+ 47.
Kf2 Qe4 48. Ke2 Kd6 49. Qg8 Ke7 50. Qg4 Kd6 51. h4 h5 52. Qxh5 Qg2+ 53. Kd3
Qf1+ 54. Qe2 1/2-1/2

[Event "FIDE Grand Swiss Tournament 2019"]
[Site "Douglas ENG"]
[Date "2019.10.10"]
[Round "1"]
[White "Bachmann, Axel"]
[Black "Wojtaszek, Radoslaw"]
[Result "1/2-1/2"]
[WhiteElo "2629"]
[BlackElo "2748"]
[PlyCount "158"]
[EventDate "2019.10.10"]

1. Nf3 Nf6 2. c4 e6 3. g3 d5 4. d4 Bb4+ 5. Bd2 Be7 6. Bg2 O-O 7. O-O Nbd7 8.
Qc2 c6 9. Bf4 b6 10. Ne5 Nxe5 11. dxe5 Nd7 12. h4 Ba6 13. cxd5 cxd5 14. Rd1 Rc8
15. Nc3 b5 16. e4 d4 17. Rxd4 Bc5 18. Rdd1 b4 19. Na4 Be7 20. Qb3 Bc4 21. Qe3
Bb5 22. b3 Qa5 23. Nb2 Rc2 24. Rd2 Rc3 25. Qe1 Qc7 26. Nd1 Rc5 27. Be3 Nxe5 28.
Bxc5 Bxc5 29. Ne3 Qb6 30. Rad1 h5 31. Nc2 a5 32. Kh1 Rc8 33. f4 Ng4 34. Nd4 Ba6
35. Bf3 Rd8 36. Bxg4 hxg4 37. Nc2 Rc8 38. Kh2 Bb5 39. Rc1 Re8 40. Qd1 Bc6 41.
Qe2 Kh7 42. Qxg4 Bxe4 43. Qh5+ Kg8 44. Qe5 Rd8 45. Rxd8+ Qxd8 46. Nd4 Qxd4 47.
Qxd4 Bxd4 48. Rc4 Bb1 49. Rxd4 Bxa2 50. Rd3 f5 51. Kg1 Kf7 52. Kf2 e5 53. Ke3
Ke6 54. fxe5 Kxe5 55. h5 Bb1 56. Rd7 Kf6 57. Kf4 Bc2 58. Rd5 Bxb3 59. Rxf5+ Ke6
60. Rxa5 Bd1 61. Kg5 b3 62. Ra7 Bc2 63. Rb7 Kd6 64. Kf4 Kc6 65. Rb8 Kc5 66. g4
Kd4 67. Rb7 Kc3 68. Rc7+ Kd4 69. Rb7 Kc3 70. Rc7+ Kd4 71. Rd7+ Kc3 72. Rxg7 b2
73. Rc7+ Kd4 74. Rb7 b1=Q 75. Rxb1 Bxb1 76. g5 Kd5 77. g6 Ke6 78. Kg5 Ke7 79.
Kh6 Kf6 1/2-1/2

[Event "FIDE Grand Swiss Tournament 2019"]
[Site "Douglas ENG"]
[Date "2019.10.10"]
[Round "1"]
[White "Artemiev, Vladislav"]
[Black "Iturrizaga Bonelli, Eduardo"]
[Result "1-0"]
[WhiteElo "2746"]
[BlackElo "2629"]
[PlyCount "87"]
[EventDate "2019.10.10"]

1. c4 e5 2. d3 Nc6 3. g3 Bc5 4. Nc3 d6 5. Bg2 Nf6 6. Nf3 a6 7. O-O h6 8. a3 O-O
9. b4 Ba7 10. Bb2 Be6 11. Rc1 Qd7 12. e3 Ne7 13. d4 exd4 14. Nxd4 Bxc4 15. Ne4
Nxe4 16. Rxc4 d5 17. Bxe4 Rfd8 18. Bh7+ Kh8 19. Bf5 Nxf5 20. Nxf5 Qxf5 21. Rxc7
d4 22. Bxd4 Bxd4 23. exd4 a5 24. Rxb7 Qd5 25. Re7 axb4 26. axb4 Rab8 27. Qd2
Qc4 28. Rd1 Qxb4 29. Rxf7 Qc4 30. Re7 Rd5 31. Qf4 Rg8 32. h4 Qa4 33. Rd2 Qb4
34. Qe3 Ra5 35. Re8 Ra1+ 36. Kh2 Qb1 37. Rxg8+ Kxg8 38. Qf3 Qg1+ 39. Kh3 Qf1+
40. Qg2 Qe1 41. Qd5+ Kh7 42. Rb2 Qf1+ 43. Kg4 Ra6 44. h5 1-0

[Event "FIDE Grand Swiss Tournament 2019"]
[Site "Douglas ENG"]
[Date "2019.10.10"]
[Round "1"]
[White "Parligras, Mircea-Emilian"]
[Black "Nakamura, Hikaru"]
[Result "1/2-1/2"]
[WhiteElo "2629"]
[BlackElo "2745"]
[PlyCount "70"]
[EventDate "2019.10.10"]

1. d4 d5 2. c4 dxc4 3. e3 Nf6 4. Bxc4 e6 5. Nf3 a6 6. O-O c5 7. dxc5 Qxd1 8.
Rxd1 Bxc5 9. Be2 Nbd7 10. Nbd2 b6 11. Nc4 Bb7 12. Nd4 Bd5 13. Nb3 Be7 14. Bd2
O-O 15. f3 Rac8 16. Rdc1 a5 17. e4 Bxc4 18. Rxc4 Rxc4 19. Bxc4 a4 20. Nd4 Bc5
21. Be3 Ne5 22. Be2 a3 23. bxa3 Ra8 24. Bf2 Rxa3 25. Nb5 Bxf2+ 26. Kxf2 Ra8 27.
Rc1 g5 28. a3 Nfd7 29. Rc7 Nc5 30. Ke3 Kg7 31. Na7 h5 32. Bb5 h4 33. a4 Kf6 34.
g3 h3 35. Be2 Nxa4 1/2-1/2

[Event "FIDE Grand Swiss Tournament 2019"]
[Site "Douglas ENG"]
[Date "2019.10.10"]
[Round "1"]
[White "Vitiugov, Nikita"]
[Black "Volokitin, Andrei"]
[Result "1-0"]
[WhiteElo "2732"]
[BlackElo "2627"]
[PlyCount "109"]
[EventDate "2019.10.10"]

1. e4 c5 2. Nf3 d6 3. Nc3 Nf6 4. d4 cxd4 5. Nxd4 a6 6. a4 e5 7. Nf3 Be7 8. Bc4
Be6 9. Qe2 Nc6 10. O-O Rc8 11. Nd5 Nb4 12. Nxf6+ Bxf6 13. Bxe6 fxe6 14. c3 Nc6
15. Rd1 O-O 16. Be3 Na5 17. Nd2 d5 18. exd5 exd5 19. Ne4 Be7 20. b4 Nc4 21. Bc5
Rf7 22. Rd3 b6 23. Bxe7 Rxe7 24. Rad1 Rd7 25. Qg4 Rc6 26. b5 axb5 27. axb5 Rg6
28. Qe2 Kh8 29. h4 Qxh4 30. Rxd5 Rh6 31. f3 Qh2+ 32. Kf1 Qh1+ 33. Kf2 Qh4+ 34.
Kg1 Qh2+ 35. Kf1 Qh1+ 36. Kf2 Qh4+ 37. Ng3 Rxd5 38. Rxd5 Rg6 39. Kg1 Rxg3 40.
Rd4 Qg5 41. Rxc4 g6 42. Kh2 h5 43. Qf2 h4 44. Re4 Kg7 45. c4 Qd8 46. c5 bxc5
47. Qxc5 Rg5 48. b6 Qd2 49. Rg4 Rxg4 50. Qxe5+ Kh6 51. fxg4 Qb4 52. Qc7 Qa5 53.
Qf4+ g5 54. Qf6+ Kh7 55. Qf5+ 1-0

[Event "FIDE Grand Swiss Tournament 2019"]
[Site "Douglas ENG"]
[Date "2019.10.10"]
[Round "1"]
[White "Akobian, Varuzhan"]
[Black "Svidler, Peter"]
[Result "1/2-1/2"]
[WhiteElo "2625"]
[BlackElo "2729"]
[PlyCount "41"]
[EventDate "2019.10.10"]

1. d4 Nf6 2. c4 g6 3. Nc3 d5 4. cxd5 Nxd5 5. e4 Nxc3 6. bxc3 Bg7 7. Nf3 c5 8.
Bb5+ Nc6 9. O-O O-O 10. Be3 Bg4 11. Bxc6 bxc6 12. Qa4 Bxf3 13. gxf3 cxd4 14.
cxd4 e5 15. Rad1 exd4 16. Bxd4 Qg5+ 17. Kh1 Qf4 18. Kg2 Qg5+ 19. Kh1 Qf4 20.
Kg2 Qg5+ 21. Kh1 1/2-1/2

[Event "FIDE Grand Swiss Tournament 2019"]
[Site "Douglas ENG"]
[Date "2019.10.10"]
[Round "1"]
[White "Wang, Hao"]
[Black "Esipenko, Andrey"]
[Result "1-0"]
[WhiteElo "2726"]
[BlackElo "2624"]
[PlyCount "89"]
[EventDate "2019.10.10"]

1. e4 c6 2. d4 d5 3. e5 Bf5 4. Nd2 e6 5. Nb3 c5 6. dxc5 Bxc5 7. Nxc5 Qa5+ 8. c3
Qxc5 9. Nf3 Qc7 10. Be3 Nc6 11. Nd4 Nge7 12. f4 O-O 13. Be2 Be4 14. O-O a6 15.
Rc1 Rac8 16. Nb3 Na5 17. Nd2 Bg6 18. b4 Nac6 19. Nb3 Rcd8 20. Bc5 Rfe8 21. a4
Nc8 22. a5 Nb8 23. Be3 b5 24. Nc5 Qc6 25. Qd2 Nd7 26. Nb3 Ne7 27. Bd4 Rc8 28.
g4 Be4 29. Qe3 f6 30. exf6 gxf6 31. Qg3 h5 32. Nc5 Nxc5 33. bxc5 hxg4 34. Bxg4
Kf7 35. Bh5+ Bg6 36. Bxg6+ Nxg6 37. f5 Ne5 38. Kh1 Rg8 39. fxe6+ Ke7 40. Qh4
Rcf8 41. Rxf6 Rxf6 42. Qh7+ Kxe6 43. Qxg8+ Kd7 44. Qg7+ Kc8 45. Bxe5 1-0

[Event "FIDE Grand Swiss Tournament 2019"]
[Site "Douglas ENG"]
[Date "2019.10.10"]
[Round "1"]
[White "Huschenbeth, Niclas"]
[Black "Bu, Xiangzhi"]
[Result "0-1"]
[WhiteElo "2624"]
[BlackElo "2721"]
[PlyCount "82"]
[EventDate "2019.10.10"]

1. e4 e5 2. Nf3 Nc6 3. Bb5 a6 4. Ba4 Nf6 5. O-O Be7 6. Re1 b5 7. Bb3 d6 8. c3
O-O 9. h3 Bb7 10. d4 Re8 11. Nbd2 Bf8 12. a4 h6 13. Bc2 exd4 14. cxd4 Nb4 15.
Bb1 c5 16. d5 Nd7 17. Ra3 c4 18. axb5 axb5 19. Nd4 Rxa3 20. bxa3 Nd3 21. Bxd3
cxd3 22. Bb2 Nc5 23. Re3 Qa5 24. Kh2 b4 25. N4b3 Qa4 26. axb4 Qxb4 27. Nxc5
dxc5 28. Qc1 c4 29. Bc3 Qb5 30. Ba1 Bd6+ 31. g3 Ra8 32. Bd4 Ra2 33. Qxc4 Qxc4
34. Nxc4 Ba6 35. Rxd3 Bxc4 36. Rc3 Ra4 37. e5 Bc7 38. d6 Ba5 39. Rc1 Kh7 40.
Ra1 Rxa1 41. Bxa1 g5 0-1

[Event "FIDE Grand Swiss Tournament 2019"]
[Site "Douglas ENG"]
[Date "2019.10.10"]
[Round "1"]
[White "Vidit, Santosh Gujrathi"]
[Black "Sethuraman, S.P."]
[Result "1-0"]
[WhiteElo "2718"]
[BlackElo "2624"]
[PlyCount "121"]
[EventDate "2019.10.10"]

1. d4 d5 2. c4 e6 3. Nf3 Nf6 4. Nc3 c6 5. e3 Nbd7 6. Qc2 Bd6 7. Be2 O-O 8. b3
b6 9. O-O Bb7 10. Bb2 Qe7 11. Rad1 Rad8 12. Rfe1 Rfe8 13. h3 a6 14. e4 dxe4 15.
Nxe4 Nxe4 16. Qxe4 Bb4 17. Rf1 Ba3 18. Bd3 Nf6 19. Bxa3 Qxa3 20. Qf4 c5 21. d5
exd5 22. Qc7 Bc8 23. Qxb6 Be6 24. cxd5 Bxd5 25. Qxa6 Qxa6 26. Bxa6 Ra8 27. Bb5
Reb8 28. Ba4 c4 29. Nd4 cxb3 30. axb3 Rb6 31. Rfe1 g6 32. Rc1 Rd8 33. Nc6 Bxc6
34. Rxc6 Rdb8 35. Rxb6 Rxb6 36. Re5 Rb4 37. g3 Ne4 38. Rb5 Rd4 39. Rb8+ Kg7 40.
Bc6 Nc5 41. Rb5 Nd3 42. Rd5 Rxd5 43. Bxd5 f5 44. Kf1 Nb4 45. Bc4 Kf6 46. Ke2 g5
47. Kd2 Ke5 48. Bg8 h5 49. Kc3 Nc6 50. Bf7 h4 51. gxh4 gxh4 52. b4 Nd4 53. Kc4
Ne2 54. Kc5 Nf4 55. b5 Nd3+ 56. Kc6 Nb4+ 57. Kd7 Kd4 58. Kd6 Ke4 59. b6 Kd4 60.
b7 Na6 61. Bh5 1-0

[Event "FIDE Grand Swiss Tournament 2019"]
[Site "Douglas ENG"]
[Date "2019.10.10"]
[Round "1"]
[White "Rakhmanov, Aleksandr"]
[Black "Matlakov, Maxim"]
[Result "1/2-1/2"]
[WhiteElo "2621"]
[BlackElo "2716"]
[PlyCount "106"]
[EventDate "2019.10.10"]

1. Nf3 d5 2. g3 g6 3. d4 Bg7 4. Bg2 Nf6 5. O-O O-O 6. c4 dxc4 7. Na3 c3 8. bxc3
c5 9. Bb2 Nc6 10. Re1 Nd5 11. Qc2 cxd4 12. Nxd4 Nf6 13. Nxc6 bxc6 14. Nc4 Qc7
15. Ne3 Ng4 16. Nxg4 Bxg4 17. Rad1 Rab8 18. Ba3 c5 19. Rd5 Rb5 20. Qa4 Ra5 21.
Qxg4 Rxa3 22. Rb1 e6 23. Rdd1 Rxa2 24. Qc4 Rc2 25. Qa4 Rxc3 26. Rb7 Qe5 27. Bf3
Qf5 28. Kg2 c4 29. Rxa7 Qc2 30. h4 Bf6 31. Ra8 Qxa4 32. Rxa4 Rc8 33. Rd7 Rc2
34. Raa7 Rf8 35. Rac7 c3 36. Bg4 h5 37. Bf3 Rb2 38. Rc4 Rbb8 39. Be4 Rfc8 40.
Rdc7 Rxc7 41. Rxc7 Kg7 42. Bd3 Rb4 43. Kf3 Be5 44. Rc5 Kf6 45. e3 Rb2 46. Be4
Rd2 47. Kg2 Ra2 48. Kf3 Ra3 49. Bc2 Bd6 50. Rc4 Ke7 51. Ke2 Be5 52. Ra4 Rxa4
53. Bxa4 Bc7 1/2-1/2

[Event "FIDE Grand Swiss Tournament 2019"]
[Site "Douglas ENG"]
[Date "2019.10.10"]
[Round "1"]
[White "Le, Quang Liem"]
[Black "Van Foreest, Jorden"]
[Result "1/2-1/2"]
[WhiteElo "2708"]
[BlackElo "2621"]
[PlyCount "117"]
[EventDate "2019.10.10"]

1. c4 e5 2. Nc3 Nf6 3. g3 Bb4 4. Bg2 O-O 5. e4 Bxc3 6. dxc3 d6 7. Qc2 a5 8. a4
Nc6 9. Nf3 h6 10. Nh4 Be6 11. b3 Nd7 12. O-O Nc5 13. Be3 b6 14. Rad1 Re8 15. h3
Rb8 16. Kh2 Bd7 17. Bc1 Qf6 18. Rde1 Ne7 19. f4 Ng6 20. Nxg6 fxg6 21. f5 Bc6
22. Be3 gxf5 23. exf5 Bxg2 24. Kxg2 Rf8 25. g4 Nd7 26. Qd1 Rbd8 27. Qf3 Nc5 28.
Qd5+ Qf7 29. Rb1 Qxd5+ 30. cxd5 Rb8 31. c4 Kh7 32. h4 g6 33. f6 Rf7 34. g5 h5
35. Kf3 Ra8 36. Ke2 Rff8 37. Rb2 Kg8 38. Ra1 Na6 39. Bd2 Kf7 40. b4 Nxb4 41.
Bxb4 axb4 42. Rxb4 Ra5 43. Kd3 Rfa8 44. Kc3 R8a7 45. Kb3 Ra8 46. Rb5 R8a7 47.
Rxa5 Rxa5 48. Kb4 Kf8 49. Rb1 Kf7 50. Ka3 Kf8 51. Rb5 Rxb5 52. cxb5 Kf7 53. Kb4
Ke8 54. a5 bxa5+ 55. Kxa5 Kf7 56. Ka4 Kf8 57. Kb4 Ke8 58. Ka5 Kf7 59. Kb4
1/2-1/2

[Event "FIDE Grand Swiss Tournament 2019"]
[Site "Douglas ENG"]
[Date "2019.10.10"]
[Round "1"]
[White "Vocaturo, Daniele"]
[Black "Xiong, Jeffery"]
[Result "0-1"]
[WhiteElo "2620"]
[BlackElo "2708"]
[PlyCount "136"]
[EventDate "2019.10.10"]

1. e4 e5 2. Nf3 Nc6 3. Bc4 Bc5 4. O-O Nf6 5. d3 d6 6. c3 h6 7. Re1 O-O 8. Bb3
Ne7 9. Nbd2 Bb6 10. Nc4 Be6 11. d4 Ng6 12. Nxb6 Bxb3 13. axb3 axb6 14. Rxa8
Qxa8 15. Qc2 exd4 16. cxd4 c6 17. Be3 Qa5 18. Nd2 d5 19. e5 Ng4 20. Nf3 Nxe3
21. fxe3 Ne7 22. Rf1 f6 23. g4 Qa8 24. exf6 Rxf6 25. Ne5 Qc8 26. b4 Qe6 27. Qa4
Qc8 28. Qc2 b5 29. h3 Qe6 30. Ra1 Rf8 31. Ra7 Rb8 32. Ra1 Nc8 33. Rf1 Nd6 34.
Qf2 Nc4 35. Nxc4 bxc4 36. Qf4 Ra8 37. Rf2 Qe7 38. Kg2 Kh8 39. Kg3 Re8 40. Rf3
Qxb4 41. h4 Qxb2 42. Qf7 Rg8 43. Rf6 Qb1 44. Re6 Qb4 45. Qh5 Ra8 46. g5 Qe1+
47. Kh3 Qh1+ 48. Kg3 Qg1+ 49. Kh3 Qf1+ 50. Kg3 Qg1+ 51. Kh3 Qf1+ 52. Kg3 Kg8
53. gxh6 Qg1+ 54. Kh3 Qh1+ 55. Kg3 Qe1+ 56. Kh3 Qf1+ 57. Kg3 Rf8 58. Re8 c3 59.
Qe5 gxh6 60. Kh2 Qf2+ 61. Kh3 Qf3+ 62. Kh2 c2 63. Qe6+ Qf7 64. Rxf8+ Kxf8 65.
Qxh6+ Ke8 66. e4 Qf2+ 67. Kh3 Qf1+ 68. Kg3 c1=Q 0-1

[Event "FIDE Grand Swiss Tournament 2019"]
[Site "Douglas ENG"]
[Date "2019.10.10"]
[Round "1"]
[White "Vovk, Andriy"]
[Black "Amin, Bassem"]
[Result "1/2-1/2"]
[WhiteElo "2618"]
[BlackElo "2699"]
[PlyCount "68"]
[EventDate "2019.10.10"]

1. e4 e5 2. Nf3 Nc6 3. Bc4 Bc5 4. O-O Nf6 5. d3 d6 6. c3 a6 7. a4 Ba7 8. Nbd2
O-O 9. h3 h6 10. Re1 Be6 11. Bxe6 fxe6 12. b4 Nh5 13. Ra2 Qf6 14. Nc4 Nf4 15.
b5 Nd8 16. Bxf4 Qxf4 17. b6 Bxb6 18. Nxb6 cxb6 19. Qb3 Rc8 20. Qxb6 Rc6 21. Qb3
Qf7 22. Rb2 Qc7 23. Rc1 Rc5 24. Nd2 b5 25. axb5 Rxb5 26. Qa2 Qb6 27. Nc4 Rxb2
28. Qxb2 Qxb2 29. Nxb2 Nf7 30. Ra1 Rc8 31. Nc4 d5 32. exd5 exd5 33. Ne3 Rxc3
34. Nxd5 Rxd3 1/2-1/2

[Event "FIDE Grand Swiss Tournament 2019"]
[Site "Douglas ENG"]
[Date "2019.10.11"]
[Round "2"]
[White "Sarana, Alexey"]
[Black "Carlsen, Magnus"]
[Result "1/2-1/2"]
[WhiteElo "2655"]
[BlackElo "2876"]
[PlyCount "103"]
[EventDate "2019.10.10"]

1. e4 c5 2. Nf3 Nc6 3. d4 cxd4 4. Nxd4 Nf6 5. Nc3 e5 6. Ndb5 d6 7. Bg5 a6 8.
Na3 b5 9. Bxf6 gxf6 10. Nd5 Bg7 11. Bd3 Ne7 12. Nxe7 Qxe7 13. c4 f5 14. O-O O-O
15. Qh5 d5 16. cxd5 Qd8 17. exf5 Qxd5 18. Rad1 e4 19. Bxb5 Qxf5 20. Qxf5 Bxf5
21. Bd7 Bxd7 22. Rxd7 Bxb2 23. Nc4 Bg7 24. g3 Rfd8 25. Rfd1 Rxd7 26. Rxd7 Rc8
27. Nd6 Rc1+ 28. Kg2 Rc2 29. Nxe4 Rxa2 30. Rd8+ Bf8 31. Nf6+ Kg7 32. Nh5+ Kg8
33. g4 a5 34. g5 a4 35. h4 Rb2 36. Nf6+ Kg7 37. h5 Rb5 38. f4 h6 39. Ng4 Ba3
40. Nxh6 Be7 41. Rd7 Bxg5 42. Nxf7 Rb2+ 43. Kf3 Bxf4 44. Ne5+ Kh6 45. Kxf4 a3
46. Rd5 Rb4+ 47. Kg3 a2 48. Ra5 a1=Q 49. Rxa1 Kxh5 50. Ra5 Rb1 51. Kf4 Rf1+ 52.
Nf3+ 1/2-1/2

[Event "FIDE Grand Swiss Tournament 2019"]
[Site "Douglas ENG"]
[Date "2019.10.11"]
[Round "2"]
[White "Caruana, Fabiano"]
[Black "Sevian, Samuel"]
[Result "1-0"]
[WhiteElo "2812"]
[BlackElo "2654"]
[PlyCount "105"]
[EventDate "2019.10.10"]

1. c4 e5 2. g3 Nf6 3. Bg2 d5 4. cxd5 Nxd5 5. Nf3 Nc6 6. O-O Nb6 7. b3 Be7 8.
Bb2 f6 9. Na3 Be6 10. Nc2 O-O 11. e4 Qd3 12. Re1 Rad8 13. Bf1 Qd7 14. d4 exd4
15. Ncxd4 Bg4 16. Qc2 Nxd4 17. Nxd4 Rfe8 18. Rac1 c6 19. b4 Kh8 20. b5 c5 21.
Nf5 Bf8 22. h3 Bxf5 23. exf5 Rxe1 24. Rxe1 c4 25. a4 Bb4 26. Re4 Qd2 27. Qxd2
Bxd2 28. Bxc4 Nxa4 29. Ba3 Nb6 30. Bb3 Nc8 31. Bd5 a6 32. b6 Nxb6 33. Bxb7 a5
34. Bc5 Na8 35. Rc4 Bb4 36. Be3 h6 37. h4 Kh7 38. g4 Rb8 39. Be4 Nb6 40. Rc7
Na4 41. g5 Nc3 42. Bf3 Nb5 43. Rd7 hxg5 44. hxg5 Kh8 45. g6 Nc3 46. Bd2 a4 47.
Rd3 a3 48. Bxc3 Bxc3 49. Bd5 Bd2 50. Rxd2 Rb1+ 51. Kg2 a2 52. Bb3 Rg1+ 53. Kf3
1-0

[Event "FIDE Grand Swiss Tournament 2019"]
[Site "Douglas ENG"]
[Date "2019.10.11"]
[Round "2"]
[White "Oparin, Grigoriy"]
[Black "Yu, Yangyi"]
[Result "1/2-1/2"]
[WhiteElo "2654"]
[BlackElo "2763"]
[PlyCount "49"]
[EventDate "2019.10.10"]

1. Nf3 d5 2. e3 Nf6 3. c4 g6 4. Nc3 Bg7 5. b3 O-O 6. Bb2 e6 7. Rc1 b6 8. cxd5
exd5 9. d4 Bb7 10. Bd3 a6 11. Ne5 Nbd7 12. f4 c5 13. O-O cxd4 14. exd4 b5 15.
Qe2 Re8 16. Nd1 Ne4 17. Ne3 Ndf6 18. g4 Nd6 19. g5 Nfe4 20. Rc2 b4 21. Rfc1 Qb6
22. Rc5 Qd8 23. R5c2 Qb6 24. Rc5 Qd8 25. R5c2 1/2-1/2

[Event "FIDE Grand Swiss Tournament 2019"]
[Site "Douglas ENG"]
[Date "2019.10.11"]
[Round "2"]
[White "Motylev, Alexander"]
[Black "Artemiev, Vladislav"]
[Result "1/2-1/2"]
[WhiteElo "2651"]
[BlackElo "2746"]
[PlyCount "67"]
[EventDate "2019.10.10"]

1. e4 c6 2. d4 d5 3. e5 Bf5 4. Nf3 e6 5. Be2 Nh6 6. O-O Bg6 7. c3 Be7 8. Bxh6
gxh6 9. Qc1 h5 10. c4 dxc4 11. Bxc4 Nd7 12. Nc3 Qc7 13. Qf4 Nb6 14. Bb3 O-O-O
15. Rac1 Kb8 16. Rfd1 Qd7 17. Nh4 Rhf8 18. Nxg6 hxg6 19. Ne4 Qc7 20. Qf3 Nd5
21. Nc3 Qb6 22. h3 Qb4 23. Ne4 Nc7 24. Rc4 Qb6 25. Rd3 Nd5 26. Rd1 Rd7 27. Rc2
Qa5 28. a3 Nc7 29. Bc4 Nb5 30. Rcd2 a6 31. Rd3 Qd8 32. Nc5 Bxc5 33. dxc5 Rxd3
34. Rxd3 1/2-1/2